|
|
|
|
| LEADER |
01308nam a2200253 a 4500 |
| 001 |
GR-Patra24343 |
| 003 |
GR-PaULI |
| 005 |
20230406115811.0 |
| 008 |
030513s2004 nyu e b 001 b eng d |
| 952 |
|
|
|0 0
|1 0
|2 ddc
|4 0
|6 616_106000000000000_2_DET
|7 0
|9 305028
|a LISP
|b LISP
|c BSC
|d 2021-01-17
|e 24
|f
|g 0.00
|i 35982
|l 0
|o 616.106 2 DET
|p 025000299393
|r 2021-01-17 00:00:00
|t 2
|v 2021.00
|w 2021-01-17
|y BK15
|e
|x GrPaTEI
|
| 952 |
|
|
|0 0
|1 0
|2 ddc
|4 0
|6 616_106200000000000_DET
|7 1
|9 305029
|a LISK
|b LISK
|c BSC
|d 2021-01-17
|e 24
|f 0
|g 0.00
|l 0
|o 616.1062 DET
|p 92410035983
|r 2021-01-17 00:00:00
|t 1
|w 2021-01-17
|y BKN
|x 20080215 0 0
|x GrPaTEI
|
| 999 |
|
|
|c 176630
|d 176630
|
| 020 |
|
|
|a 0071360484
|
| 040 |
|
|
|a GR-PaULI
|b gre
|c GR-PaULI
|e AACR2
|
| 082 |
0 |
4 |
|a 616.106 2
|2 23
|
| 100 |
1 |
|
|a DeTurk, William E.
|9 197192
|e συγγραφέας.
|
| 245 |
1 |
0 |
|a Cardiovascular and pulmonary physical therapy :
|b an evidence-based approach /
|c William E. DeTurk, Lawrence P. Cahalin.
|
| 260 |
|
|
|a New York :
|b McGraw-Hill,
|c c2004.
|
| 300 |
|
|
|a xiii, 721 σ. :
|b εικ. ;
|c 29 εκ.
|e
|
| 504 |
|
|
|a Περιλαμβάνει βιβλιογραφίες και ευρετήριο.
|
| 650 |
|
4 |
|a Καρδιοπνευμονικό σύστημα
|9 38963
|
| 700 |
1 |
|
|a Cahalin, Lawrence P.
|9 197193
|e συγγραφέας.
|
| 942 |
|
|
|2 ddc
|c BK
|
| 998 |
|
|
|c ΜΠΟΥΡΑΣ
|d 2023-04
|